<?xml version="1.0" encoding="UTF-8"?>
<record
    xmlns:xsi="http://www.w3.org/2001/XMLSchema-instance"
    xsi:schemaLocation="http://www.loc.gov/MARC21/slim http://www.loc.gov/standards/marcxml/schema/MARC21slim.xsd"
    xmlns="http://www.loc.gov/MARC21/slim">

  <leader>00966nam2a2200265   4500</leader>
  <controlfield tag="001">RU\NLR\bibl\1178988</controlfield>
  <controlfield tag="005">20250615091707.0</controlfield>
  <datafield tag="010" ind1=" " ind2=" ">
    <subfield code="a">966-7482-48-0</subfield>
    <subfield code="b">&#x442;. 2</subfield>
    <subfield code="9">2000</subfield>
  </datafield>
  <datafield tag="035" ind1=" " ind2=" ">
    <subfield code="a">(NLR Aleph) 001165612</subfield>
  </datafield>
  <datafield tag="090" ind1=" " ind2=" ">
    <subfield code="a">1565023</subfield>
    <subfield code="c">1565023</subfield>
  </datafield>
  <datafield tag="100" ind1=" " ind2=" ">
    <subfield code="a">20080123d2005    |||y0rusy50      ca</subfield>
  </datafield>
  <datafield tag="101" ind1="0" ind2=" ">
    <subfield code="a">rus</subfield>
  </datafield>
  <datafield tag="102" ind1=" " ind2=" ">
    <subfield code="a">RU</subfield>
  </datafield>
  <datafield tag="105" ind1=" " ind2=" ">
    <subfield code="a">a   |||||||||</subfield>
  </datafield>
  <datafield tag="200" ind1="0" ind2=" ">
    <subfield code="a">&#x422;. 2</subfield>
  </datafield>
  <datafield tag="210" ind1=" " ind2=" ">
    <subfield code="d">2005</subfield>
    <subfield code="a">&#x411;. &#x43C;.</subfield>
  </datafield>
  <datafield tag="215" ind1=" " ind2=" ">
    <subfield code="a">379, [3] &#x441;.</subfield>
    <subfield code="c">&#x43F;&#x43E;&#x440;&#x442;&#x440;.</subfield>
  </datafield>
  <datafield tag="320" ind1=" " ind2=" ">
    <subfield code="a">&#x411;&#x438;&#x431;&#x43B;&#x438;&#x43E;&#x433;&#x440;. &#x432; &#x41A;&#x43E;&#x43C;&#x435;&#x43D;&#x442;.: &#x441;. 271-320 &#x438; &#x432; &#x43F;&#x43E;&#x434;&#x441;&#x442;&#x440;&#x43E;&#x447;. &#x43F;&#x440;&#x438;&#x43C;.</subfield>
  </datafield>
  <datafield tag="320" ind1=" " ind2=" ">
    <subfield code="a">&#x41F;&#x43E;&#x43A;&#x430;&#x436;&#x447;&#x438;&#x43A;&#x438;: I&#x43C;&#x435;&#x43D;., &#x413;&#x435;&#x43E;&#x433;&#x440;.: &#x441;. 321-379</subfield>
  </datafield>
  <datafield tag="461" ind1=" " ind2="0">
    <subfield code="1">001RU\NLR\bibl\1223590</subfield>
    <subfield code="1">2001#$a&#x422;&#x432;&#x43E;&#x440;&#x438;$v&#x422;. 2</subfield>
    <subfield code="9">71613</subfield>
    <subfield code="a">&#x42F;&#x432;&#x43E;&#x440;&#x43D;&#x438;&#x446;&#x44C;&#x43A;&#x438;&#x439;, &#x414;.I. (1855-1940)</subfield>
    <subfield code="c">&#x41A;&#x438;&#xEF;&#x432;</subfield>
    <subfield code="d">2005</subfield>
    <subfield code="f">&#x414;&#x43C;&#x438;&#x442;&#x440;&#x43E; &#x42F;&#x432;&#x43E;&#x440;&#x43D;&#x438;&#x446;&#x44C;&#x43A;&#x438;&#x439;</subfield>
    <subfield code="n">&#x422;&#x430;&#x43D;&#x434;&#x435;&#x43C;-&#x423;</subfield>
    <subfield code="o">&#x443; 20 &#x442;.</subfield>
    <subfield code="t">&#x422;&#x432;&#x43E;&#x440;&#x438;</subfield>
    <subfield code="y">966-7482-30-8</subfield>
    <subfield code="v">&#x422;. 2</subfield>
  </datafield>
  <datafield tag="801" ind1=" " ind2="0">
    <subfield code="a">RU</subfield>
    <subfield code="b">NLR</subfield>
    <subfield code="c">20080123</subfield>
    <subfield code="g">RCR</subfield>
  </datafield>
  <datafield tag="801" ind1=" " ind2="1">
    <subfield code="a">RU</subfield>
    <subfield code="b">NLR</subfield>
    <subfield code="c">20080123</subfield>
  </datafield>
  <datafield tag="942" ind1=" " ind2=" ">
    <subfield code="c">BOOK</subfield>
  </datafield>
  <datafield tag="980" ind1=" " ind2=" ">
    <subfield code="a">NB</subfield>
  </datafield>
  <datafield tag="995" ind1=" " ind2=" ">
    <subfield code="5">2008-01-23</subfield>
    <subfield code="a">af</subfield>
    <subfield code="b">NLR01</subfield>
    <subfield code="c">NLR01</subfield>
    <subfield code="e">RF9</subfield>
    <subfield code="f">2590666</subfield>
    <subfield code="k">2008-7/333</subfield>
    <subfield code="o">0</subfield>
    <subfield code="p">300.00</subfield>
    <subfield code="r">BOOK</subfield>
    <subfield code="s">20087333_</subfield>
  </datafield>
</record>
